| 000 | 00886nam a2200205Ia 4500 | ||
|---|---|---|---|
| 005 | 20241216011519.0 | ||
| 008 | 190429s9999||||xx |||||||||||||| ||und|| | ||
| 082 |
_a658.5 _bA65 |
||
| 100 | _aARANDA LOPEZ GUILLERMO ANGEL, ARANDA LOPEZ JOSE ROLANDO | ||
| 245 | 0 | _aEL OPERADOR LOGISTICO Y SU INFLUENCIA EN EL DESARROLLO COMERCIAL DE LAS EMPRESAS COMERCIALIZADORAS DE ABARROTES DE LA PROVINCIA DE PASCO | |
| 250 | _a0 | ||
| 260 |
_aCERRO DE PASCO-PERU _bUNDAC _c2012 |
||
| 300 |
_a104 pag. _c30.5 cm. |
||
| 341 | _h0 | ||
| 490 |
_v0 _a0 |
||
| 505 | _aCAPITULO I: PLANTEAMIENTO DEL PROBLEMA, CAPITULO II: MARCO TEÓRICO Y CONCEPTUAL, CAPITULO III: METODOLOG═A Y TECNICAS DE INVESTIGACIÓN Y CAPITULO IV: AN┴LISIS, DESCRIPTIVO, EXPLICATIVO Y CONTRASTACIÓN DE RESULTADOS | ||
| 541 |
_aD _bARANDA LOPEZ GUILLERMO A. _d06-May-13 _oSoles |
||
| 650 | _aAdministración | ||
| 942 | _cTESIS | ||
| 999 |
_c43978 _d43978 |
||